All Russian Wars - Statistics

General Stats
  • This quiz has been taken 62 times
  • The average score is 76 of 167
Answer Stats
Years War % Correct
2014-Present Russo-Ukrainian War
93%
1808-1809 Finnish War
91%
1917-1921 Ukrainian-Soviet War
91%
1918-1920 Georgian-Ossetian Conflict
87%
1605-1618 Polish Invasions
87%
1919-1921 Polish–Soviet War
87%
1792 Polish War
87%
2008 Russo-Georgian War
87%
1733-1738 War of Polish Succession
87%
1939-1945 WW2
87%
1812 French Invasion
85%
1991-1993 Georgian Civil War
85%
1921 Invasion of Georgia
85%
1950-1953 Korean War
85%
1918 Finnish Civil War
83%
1042-1228 Finnish–Novgorodian wars
83%
1904-1905 Russo-Japanese War
83%
1979-1989 Soviet–Afghan War
83%
1914-1917 WW1
83%
1487-1494 1st Muscovite-Lithuanian War
80%
1500-1503 2nd Muscovite–Lithuanian War
80%
1507-1508 3rd Muscovite–Lithuanian War
80%
1512-1522 4th Muscovite–Lithuanian War
80%
1534-1537 5th Muscovite–Lithuanian War
80%
1929 Afghan Civil War
80%
1245 Lithuanian Campaign
80%
1368-1372 | 1406-1408 Lithuanian–Muscovite War
80%
1918-1919 Lithuanian–Soviet War
80%
1562-1570 Russo-Lithuanian War
80%
1917-1922 Russian Civil War
78%
1132-1445 Swedish–Novgorodian Wars
78%
1918-1920 Estonian War of Independence
76%
1955-1975 Vietnam War
76%
1590-1595 Boris Godunov's Swedish War
74%
1921 Intervention in Mongolia
74%
1570-1572 Ivan the Terrible's Crimean War
74%
1554-1557 Ivan the Terrible's Swedish War
74%
1918-1920 Latvian War of Independence
74%
1911 Mongolian Revolution
74%
1223-1240 Mongol Invasion
74%
1495-1497 Russo-Swedish War
74%
1788-1790 Swedish War
74%
1918-1919 German Revolution
72%
1918-1919 Hungarian–Czechoslovak War
72%
1918-1919 Hungarian–Romanian War
72%
1735-1739 Russo-Austro-Turkish War
72%
1929 Sino-Soviet Conflict
72%
1946-1954 1st Indochina War
70%
1848-1849 | 1918-1920 Hungarian Revolution
70%
1877-1878 Russo-Turkish War
70%
1768-1774 1st Turkish War
67%
1787-1792 2nd Turkish War
67%
1839-1841 2nd Turko-Egyptian War
67%
C.830 Expedition to Rus
67%
1683-1700 Great Turkish War
67%
1722-1723 | 1796 Persian Expedition
67%
1804-1813 Persian War
67%
1676-1681 | 1806-1812 | 1828-1829 Turkish War
67%
1919-1923 Turkish War of Independence
67%
1918-1920 Armenian–Azerbaijani War
65%
1932 Chechen Uprising
65%
1799-1802 2nd Coalition
63%
1803-1806 3rd Coalition
63%
1806-1807 4th Coalition
63%
1809 5th Coalition
63%
1813-1814 6th Coalition
63%
1815 7th Coalition
63%
1920 Invasion of Armenia
63%
1968 Invasion of Czechoslovakia
63%
2015-2024 Syrian Civil War
63%
1899-1901 Boxer Rebellion
61%
1376 Muscovite–Volga Bulgars War
61%
1740-1748 War of Austrian Succession
61%
1920 Invasion of Azerbaijan
59%
1994-1996 1st Chechen War
57%
1999-2009 2nd Chechen War
57%
1936-1939 Spanish Civil War
54%
1827 Greek War of Independence
50%
1977-1978 Ethio-Somali War
48%
1991-1992 South Ossetian War
43%
1975-1991 Angolan Civil War
41%
1905-1911 Persian Revolution
41%
1651-1653 | 1826-1828 Persian War
41%
907 | 941 | 944-945 | +3 others Rus-Byzantine War
41%
1999 War of Dagestan
41%
1853-1856 Crimean War
39%
1905-1907 Russian Revolution of 1905
39%
1807-1812 Anglo-Russian War
37%
1580-1762 Conquest of Siberia
37%
2021-Present Mali War
37%
1918-1922 Siberian Intervention
37%
1992-1997 Tajikistani Civil War
35%
1700-1721 Great Northern War
33%
1990-1992 Transnistria War
33%
967-971 | 985 Invasion of Bulgaria
30%
1552-1556 Tatar Rebellion
30%
1992-1993 War in Abkhazia
30%
1654-1667 1st Northern War
26%
1656-1658 2nd Northern War
26%
1917-1918 Belarusian-Soviet Conflict
26%
1756-1763 Seven Years War
26%
1437-1445 1st Russo-Kazan War
22%
1240-1242 | 1558-1562 Livonian Campaign
22%
1558-1583 Livonian War
22%
1917 October Revolution
22%
1480-1481 Russian-Livonian War
22%
1505-1507 Russo-Kazan War
22%
2018-Present Central African Republic Civil War
15%
1917 February Revolution
15%
1568-1570 Astrakhan Expedition
13%
1924 August Uprising
13%
964-965 Campaign against Khazars
13%
1817-1864 Caucasian War
13%
1917-1934 Central Asian Revolt
13%
1556 Conquest of Astrakhan
13%
1662-1664 1st Bashkir Rebellion
11%
1704-1711 3rd Bashkir Rebellion
11%
1830-1831 November Uprising
11%
860 Siege of Constantinople
11%
1768-1772 Bar Confederation
9%
1825 Decembrist Revolt
9%
1610-1617 Ingrian War
9%
1632-1634 Smolensk War
9%
1735-1740 4th Bashkir Rebellion
7%
1863-1864 January Uprising
7%
1717 Khivan War
7%
1773-1775 Pugachev's Rebellion
7%
1967-1970 War of Attrition
7%
1022 Attack on Brest
4%
1030 Campaign against Chud
4%
1030-1031 | 981 Campaign on Cherven Cities
4%
1918-1929 Heimosodat
4%
1919 Khotyn Uprising
4%
1794 Kościuszko Uprising
4%
1055-1223 Rus-Cuman Wars
4%
1918-1919 Sochi conflict
4%
1919 Bender Uprising
2%
1861 Bezdna Revolt
2%
1606-1607 Bolotnikov Rebellion
2%
1836-1838 Bukey Horde Uprising
2%
1707-1708 Bulavin Rebellion
2%
1203-1234 Campaign against Order of the Sword
2%
1725-1778 Conquest of Chukotka
2%
1897-1898 Cretan Revolt
2%
1841 Gurian Rebellion
2%
1837-1847 Kenesary's Rebellion
2%
1858 Mahtra Rebellion
2%
1305-1485 Muscovite–Tverian Wars
2%
1467-1469 Qasim War
2%
1670-1671 Razin's Rebellion
2%
1842 Shoorcha Rebellion
2%
1281-1294 | 1425-1453 War of Succession
2%
No matching quizzes found
Score Distribution
Percent of People with Each Score
Percentile by Number Answered
Your Score History
You have not taken this quiz